书目信息 |
| 题名: |
新生代农民工公民意识教育研究
|
|
| 作者: | 廖金香, 著 | |
| 分册: | ||
| 出版信息: | 北京 经济管理出版社 2018 |
|
| 页数: | 214页 | |
| 开本: | 24cm | |
| 丛书名: | ||
| 单 册: | ||
| 中图分类: | D422.62 | |
| 科图分类: | ||
| 主题词: | 民工--公民教育--研究--中国 | |
| 电子资源: | ||
| ISBN: | 978-7-5096-5711-9 | |
| 000 | 01156nam0 2200253 450 | |
| 001 | 2331645757 | |
| 005 | 20231207084738.30 | |
| 010 | @a978-7-5096-5711-9@dCNY48.00 | |
| 100 | @a20180606d2018 em y0chiy50 ea | |
| 101 | 0 | @achi |
| 102 | @aCN@b110000 | |
| 105 | @ak a 000yy | |
| 200 | 1 | @a新生代农民工公民意识教育研究@Axin sheng dai nong min gong gong min yi shi jiao yu yan jiu@f廖金香著 |
| 210 | @a北京@c经济管理出版社@d2018 | |
| 215 | @a214页@d24cm | |
| 300 | @a2014年全国教育规划教育部青年课题“新生代农民工公民意识教育模式研究”(NO.EKA140350) 最终研究成果 | |
| 314 | @a廖金香, 湖南长沙人, 博士, 副教授, 湖南省青年骨干教师。 | |
| 320 | @a有书目 (第208-213页) | |
| 330 | @a本书以导论开篇, 主体内容共八章。在新时代的视野下, 从公民意识的角度, 对新生代农民工公民身份的流变, 公民意识教育的重要性等问题进行了全面的阐述和分析, 其内容涵盖社会公德意识教育、权利意识教育、法律意识教育、责任意识教育、生命意识教育和生态意识教育等, 为新生代农民工公民意识的提升献言献策。 | |
| 606 | 0 | @a民工@x公民教育@x研究@y中国 |
| 690 | @aD422.62@v5 | |
| 701 | 0 | @a廖金香,@Aliao jin xiang@f1982-@4著 |
| 801 | 0 | @aCN@b湖北三新@c20180606 |
| 905 | @aZUCC@dD422.62@e5 | |
| 新生代农民工公民意识教育研究/廖金香著.-北京:经济管理出版社,2018 |
| 214页;24cm |
| 2014年全国教育规划教育部青年课题“新生代农民工公民意识教育模式研究”(NO.EKA140350) 最终研究成果 |
| ISBN 978-7-5096-5711-9:CNY48.00 |
| 本书以导论开篇, 主体内容共八章。在新时代的视野下, 从公民意识的角度, 对新生代农民工公民身份的流变, 公民意识教育的重要性等问题进行了全面的阐述和分析, 其内容涵盖社会公德意识教育、权利意识教育、法律意识教育、责任意识教育、生命意识教育和生态意识教育等, 为新生代农民工公民意识的提升献言献策。 |
| ● |
| 相关链接 |
|
|
|
正题名:新生代农民工公民意识教育研究
索取号:D422.62/5
 
预约/预借
| 序号 | 登录号 | 条形码 | 馆藏地/架位号 | 状态 | 备注 |
| 1 | 2001365329 | 2001365329 | 第四书库/四18架A面3层2列/ [索取号:D422.62/5] | 在馆 | |
| 2 | 2001365330 | 2001365330 | 第四书库/四18架A面3层2列/ [索取号:D422.62/5] | 在馆 | |
| 3 | 2001365331 | 2001365331 | 第四书库/四18架A面3层2列/ [索取号:D422.62/5] | 在馆 | |
| 4 | 2001365332 | 2001365332 | 第四书库/四18架A面3层2列/ [索取号:D422.62/5] | 在馆 | |
| 5 | 2001365333 | 2001365333 | 315书库/ [索取号:D422.62/5] | 在馆 | |
| 6 | 2001365334 | 2001365334 | 315书库/ [索取号:D422.62/5] | 在馆 | |
| 7 | 2001365335 | 2001365335 | 315书库/ [索取号:D422.62/5] | 在馆 | |
| 8 | 2001365336 | 2001365336 | 315书库/ [索取号:D422.62/5] | 在馆 | |
| 9 | 2001365337 | 2001365337 | 315书库/ [索取号:D422.62/5] | 在馆 | |
| 10 | 2001365338 | 2001365338 | 315书库/ [索取号:D422.62/5] | 在馆 |